Missing Word: 2015 Oscars Presenters II Quiz Stats

 Plays Quiz not verified by Sporcle

Challenge
Share
Tweet
Embed
Score 0/24 Timer 03:00
0 Plays Today
Presenter Missing Name % Correct
_____ BidenJoe
88.7%
_____ GoslingRyan
88.7%
_____ BluntEmily
87.4%
_____ LetoJared
86.1%
_____ CroweRussell
86.1%
_____ SilvermanSarah
83.4%
_____ EvansChris
79.5%
_____ CavillHenry
79.5%
_____ LightyearBuzz
78.8%
_____ Baron CohenSacha
75.5%
_____ MunnOlivia
74.8%
_____ del ToroBenicio
74.2%
Presenter Missing Name % Correct
_____ B. JordanMichael
74.2%
_____ SchreiberLiev
72.8%
_____ GoldbergWhoopi
59.6%
_____ SimmonsJ. K.
57.6%
_____ Gossett, Jr.Louis
57%
_____ HartKevin
53.6%
_____ TremblayJacob
37.1%
_____ Boone IsaacsCheryl
25.2%
_____ ChopraPriyanka
25.2%
_____ AttahAbraham
15.9%
_____ WilliamsPharrell
15.9%
_____ JonesQuincy
15.9%

You're not logged in!

Compare scores with friends on all Sporcle quizzes.
OR
Log In

You Might Also Like...

Show Comments

Extras

Top Quizzes Today


Score Distribution

Your Account Isn't Verified!

In order to create a playlist on Sporcle, you need to verify the email address you used during registration. Go to your Sporcle Settings to finish the process.

Report this User

Report this user for behavior that violates our Community Guidelines.

Details: